Glee Characters By Picture Quiz Stats

Quiz not verified by Sporcle

Challenge
Share
Tweet
Embed
Score 0/44 Timer 10:00
0 Plays Today
2012 % Correct
Gay guy who transferred to Dalton and backKurt
99.2%
Gay guy who transferred to McKinleyBlaine
97.4%
Cheerleader who got pregnant in the first seasonQuinn
96.8%
Dumb CheerleaderBrittany
96.6%
Bratty CheerleaderSantana
96.4%
Head football player, head of New DirectionsFinn
96.4%
Football player with mohawkPuck
95.6%
Self-Centered head of New DirectionsRachel
94.9%
Cheerleading Coach Sue
93.9%
New Directions CoachWill
93.7%
Female AsianTina
92.9%
Male AsianMike
92.3%
Guy in WheelchairArtie
91.9%
Blonde football playerSam
91.7%
#14's Girlfriend, Guidance CounselorEmma
91.3%
#14's Ex-WifeTerri
86.9%
Ex- Bully who turned out to be gayDave
85.7%
#5's BabyBeth
85%
#1's Girl BFFMercedes
85%
#1's DadBurt
84.2%
PrincipalFiggins
83.8%
Ex- Football CoachKen
82%
2012 % Correct
Female Wrestler, Ex- member of New DirectionsLauren
80.6%
Football Player and New Directions member in season 1Matt
78.4%
#15's Adopted mother Shelby
78.4%
#6 Ex-Boyfriend who betrayed herJesse
76.4%
Cheerleader, #13's 'Sidekick', Has Down SyndromeBecky
76.4%
Football CoachBieste
75.6%
Girl who transferred to another glee club after being sent to a crackhouse by #6Sunshine
73.1%
#7's MomCarole
72.9%
Irish Exchange studentRory
71.9%
Perverted news kid who likes #6Jacob
71.1%
Doctor, #17's Ex-BoyfriendCarl
70.7%
Horrible singer with AspbergersSugar
70.5%
Substitute of spanish and New DirectionsHolly Holiday
69.1%
Always drunk friend of #14April Rhodes
63.2%
Ex-Glee club coachSandy
62.4%
#13's Sister who has Down SyndromeJean Sylvester
60.6%
News manRod
53.7%
#16's sisterKendra
51.1%
#16's worker Howard
48.3%
Big Black Football playerAzimio
35.2%
News man's GirlfriendAndrea
26.1%
Hotshot member of rival glee clubHarmony
16.2%

You're not logged in!

Compare scores with friends on all Sporcle quizzes.
Sign Up with Email
OR
Log In

You Might Also Like...

Show Comments

Extras

Top Quizzes Today


Score Distribution

Your Account Isn't Verified!

In order to create a playlist on Sporcle, you need to verify the email address you used during registration. Go to your Sporcle Settings to finish the process.